<?xml version="1.0" encoding="UTF-8"?>
<collection xmlns="http://www.loc.gov/MARC21/slim">
 <record>
  <leader>05525nam a22007457a 4500</leader>
  <controlfield tag="001">000102126</controlfield>
  <controlfield tag="003">CZ-PrVSE</controlfield>
  <controlfield tag="005">20231213155531.0</controlfield>
  <controlfield tag="007">ta</controlfield>
  <controlfield tag="008">080108s2007    xr d   fri    001 0dcze d</controlfield>
  <datafield tag="015" ind1=" " ind2=" ">
   <subfield code="a">cnb001710030</subfield>
  </datafield>
  <datafield tag="020" ind1=" " ind2=" ">
   <subfield code="a">978-80-7179-862-0</subfield>
   <subfield code="q">(brož.)</subfield>
  </datafield>
  <datafield tag="035" ind1=" " ind2=" ">
   <subfield code="a">(OCoLC)137330306</subfield>
  </datafield>
  <datafield tag="040" ind1=" " ind2=" ">
   <subfield code="a">ABA006</subfield>
   <subfield code="b">cze</subfield>
   <subfield code="c">ABA006</subfield>
   <subfield code="d">ABA006</subfield>
  </datafield>
  <datafield tag="072" ind1=" " ind2="7">
   <subfield code="a">33</subfield>
   <subfield code="x">Ekonomie</subfield>
   <subfield code="2">Konspekt</subfield>
   <subfield code="9">4</subfield>
  </datafield>
  <datafield tag="072" ind1=" " ind2="9">
   <subfield code="a">330</subfield>
   <subfield code="x">Economics</subfield>
   <subfield code="2">Conspectus</subfield>
   <subfield code="9">4</subfield>
  </datafield>
  <datafield tag="080" ind1=" " ind2=" ">
   <subfield code="a">33</subfield>
   <subfield code="2">MRF_2014</subfield>
  </datafield>
  <datafield tag="080" ind1=" " ind2=" ">
   <subfield code="a">330.101.542</subfield>
   <subfield code="2">MRF_2003</subfield>
  </datafield>
  <datafield tag="080" ind1=" " ind2=" ">
   <subfield code="a">(075.8)</subfield>
   <subfield code="2">MRF_2003</subfield>
  </datafield>
  <datafield tag="099" ind1=" " ind2="9">
   <subfield code="a">330.1HOL</subfield>
  </datafield>
  <datafield tag="100" ind1="1" ind2=" ">
   <subfield code="a">Holman, Robert,</subfield>
   <subfield code="d">1953-</subfield>
   <subfield code="7">jn20000400997</subfield>
   <subfield code="4">aut</subfield>
  </datafield>
  <datafield tag="245" ind1="1" ind2="0">
   <subfield code="a">Mikroekonomie :</subfield>
   <subfield code="b">středně pokročilý kurz /</subfield>
   <subfield code="c">Robert Holman</subfield>
  </datafield>
  <datafield tag="250" ind1=" " ind2=" ">
   <subfield code="a">2. aktualiz. vyd.</subfield>
  </datafield>
  <datafield tag="260" ind1=" " ind2=" ">
   <subfield code="a">Praha :</subfield>
   <subfield code="b">C.H. Beck,</subfield>
   <subfield code="c">2007</subfield>
  </datafield>
  <datafield tag="300" ind1=" " ind2=" ">
   <subfield code="a">xvi, 592 s. :</subfield>
   <subfield code="b">il.</subfield>
  </datafield>
  <datafield tag="490" ind1="1" ind2=" ">
   <subfield code="a">Beckovy ekonomické učebnice</subfield>
  </datafield>
  <datafield tag="500" ind1=" " ind2=" ">
   <subfield code="a">Terminologický slovník</subfield>
  </datafield>
  <datafield tag="504" ind1=" " ind2=" ">
   <subfield code="a">Obsahuje bibliografické odkazy a rejstřík</subfield>
  </datafield>
  <datafield tag="650" ind1="0" ind2="7">
   <subfield code="a">ekonomie</subfield>
   <subfield code="7">ph114430</subfield>
   <subfield code="2">czenas</subfield>
  </datafield>
  <datafield tag="650" ind1="0" ind2="7">
   <subfield code="a">mikroekonomie</subfield>
   <subfield code="7">ph115305</subfield>
   <subfield code="2">czenas</subfield>
  </datafield>
  <datafield tag="655" ind1=" " ind2="7">
   <subfield code="a">učebnice vysokých škol</subfield>
   <subfield code="7">fd133772</subfield>
   <subfield code="2">czenas</subfield>
  </datafield>
  <datafield tag="650" ind1="0" ind2="9">
   <subfield code="a">economics</subfield>
   <subfield code="2">eczenas</subfield>
  </datafield>
  <datafield tag="650" ind1="0" ind2="9">
   <subfield code="a">microeconomics</subfield>
   <subfield code="2">eczenas</subfield>
  </datafield>
  <datafield tag="655" ind1=" " ind2="9">
   <subfield code="a">textbooks (higher)</subfield>
   <subfield code="2">eczenas</subfield>
  </datafield>
  <datafield tag="830" ind1=" " ind2="0">
   <subfield code="a">Beckovy ekonomické učebnice</subfield>
  </datafield>
  <datafield tag="993" ind1=" " ind2=" ">
   <subfield code="a">003045689</subfield>
  </datafield>
  <datafield tag="911" ind1=" " ind2=" ">
   <subfield code="a">ABA001</subfield>
   <subfield code="d">zdigitalizováno</subfield>
   <subfield code="u">http://krameriusndk.nkp.cz/search/handle/uuid:51a1c590-4393-11e8-a0d9-005056827e52</subfield>
  </datafield>
  <datafield tag="911" ind1=" " ind2=" ">
   <subfield code="a">BOA001</subfield>
   <subfield code="d">zdigitalizováno</subfield>
   <subfield code="u">http://krameriusndk.mzk.cz/search/handle/uuid:51a1c590-4393-11e8-a0d9-005056827e52</subfield>
  </datafield>
  <datafield tag="996" ind1=" " ind2=" ">
   <subfield code="1">PJMHS</subfield>
   <subfield code="3">F197894k</subfield>
   <subfield code="4">N:P</subfield>
   <subfield code="5">3142222718</subfield>
   <subfield code="8">20080808</subfield>
   <subfield code="9">330.1HOL</subfield>
   <subfield code="f">81</subfield>
   <subfield code="g">17001</subfield>
   <subfield code="l">UEP01</subfield>
   <subfield code="m">BOOK</subfield>
   <subfield code="q">Studovna JM</subfield>
   <subfield code="t">na 1 měsíc</subfield>
   <subfield code="u">UEP01</subfield>
   <subfield code="w">20080905</subfield>
  </datafield>
  <datafield tag="996" ind1=" " ind2=" ">
   <subfield code="1">PJMHS</subfield>
   <subfield code="3">F197894q</subfield>
   <subfield code="4">N:P</subfield>
   <subfield code="5">3142250385</subfield>
   <subfield code="8">20110719</subfield>
   <subfield code="9">330.1HOL</subfield>
   <subfield code="f">81</subfield>
   <subfield code="g">28497</subfield>
   <subfield code="l">UEP01</subfield>
   <subfield code="m">BOOK</subfield>
   <subfield code="q">Studovna JM</subfield>
   <subfield code="t">na 1 měsíc</subfield>
   <subfield code="u">UEP01</subfield>
   <subfield code="w">20110919</subfield>
  </datafield>
  <datafield tag="996" ind1=" " ind2=" ">
   <subfield code="1">PJMSK</subfield>
   <subfield code="3">F197894r</subfield>
   <subfield code="4">N:P</subfield>
   <subfield code="5">3142250386</subfield>
   <subfield code="8">20110727</subfield>
   <subfield code="9">330.1HOL</subfield>
   <subfield code="f">81</subfield>
   <subfield code="g">28497</subfield>
   <subfield code="l">UEP01</subfield>
   <subfield code="m">BOOK</subfield>
   <subfield code="q">Knihovna JM - sklad</subfield>
   <subfield code="t">na 1 měsíc</subfield>
   <subfield code="u">UEP01</subfield>
   <subfield code="w">20110919</subfield>
  </datafield>
  <datafield tag="996" ind1=" " ind2=" ">
   <subfield code="1">PKHP</subfield>
   <subfield code="3">F197894</subfield>
   <subfield code="4">N:P</subfield>
   <subfield code="5">3142216002</subfield>
   <subfield code="8">20080107</subfield>
   <subfield code="9">330.1HOL</subfield>
   <subfield code="f">83</subfield>
   <subfield code="g">14996</subfield>
   <subfield code="l">UEP01</subfield>
   <subfield code="m">BOOK</subfield>
   <subfield code="q">KHP</subfield>
   <subfield code="s">DISLOK: Ševčík, Miroslav - ISIS249</subfield>
   <subfield code="t">na dislokovaném</subfield>
   <subfield code="u">UEP01</subfield>
   <subfield code="w">20080109</subfield>
  </datafield>
  <datafield tag="996" ind1=" " ind2=" ">
   <subfield code="1">PKHP</subfield>
   <subfield code="3">F197894a</subfield>
   <subfield code="4">N:P</subfield>
   <subfield code="5">3142216003</subfield>
   <subfield code="8">20080107</subfield>
   <subfield code="9">330.1HOL</subfield>
   <subfield code="f">83</subfield>
   <subfield code="g">14996</subfield>
   <subfield code="l">UEP01</subfield>
   <subfield code="m">BOOK</subfield>
   <subfield code="q">KHP</subfield>
   <subfield code="s">DISLOK: Ševčík, Miroslav - ISIS249</subfield>
   <subfield code="t">na dislokovaném</subfield>
   <subfield code="u">UEP01</subfield>
   <subfield code="w">20080110</subfield>
  </datafield>
  <datafield tag="996" ind1=" " ind2=" ">
   <subfield code="1">PKHP</subfield>
   <subfield code="3">F197894b</subfield>
   <subfield code="4">N:P</subfield>
   <subfield code="5">3142216004</subfield>
   <subfield code="8">20080107</subfield>
   <subfield code="9">330.1HOL</subfield>
   <subfield code="f">83</subfield>
   <subfield code="g">14996</subfield>
   <subfield code="l">UEP01</subfield>
   <subfield code="m">BOOK</subfield>
   <subfield code="q">KHP</subfield>
   <subfield code="s">DISLOK: Ševčík, Miroslav - ISIS249</subfield>
   <subfield code="t">na dislokovaném</subfield>
   <subfield code="u">UEP01</subfield>
   <subfield code="w">20080110</subfield>
  </datafield>
  <datafield tag="996" ind1=" " ind2=" ">
   <subfield code="1">PKHP</subfield>
   <subfield code="3">F197894c</subfield>
   <subfield code="4">N:P</subfield>
   <subfield code="5">3142216005</subfield>
   <subfield code="8">20080107</subfield>
   <subfield code="9">330.1HOL</subfield>
   <subfield code="f">83</subfield>
   <subfield code="g">14996</subfield>
   <subfield code="l">UEP01</subfield>
   <subfield code="m">BOOK</subfield>
   <subfield code="q">KHP</subfield>
   <subfield code="s">DISLOK: Ševčík, Miroslav - ISIS249</subfield>
   <subfield code="t">na dislokovaném</subfield>
   <subfield code="u">UEP01</subfield>
   <subfield code="w">20080110</subfield>
  </datafield>
  <datafield tag="996" ind1=" " ind2=" ">
   <subfield code="1">PKHP</subfield>
   <subfield code="3">F197894ch</subfield>
   <subfield code="4">N:P</subfield>
   <subfield code="5">3142216011</subfield>
   <subfield code="8">20080107</subfield>
   <subfield code="9">330.1HOL</subfield>
   <subfield code="f">83</subfield>
   <subfield code="g">14996</subfield>
   <subfield code="l">UEP01</subfield>
   <subfield code="m">BOOK</subfield>
   <subfield code="q">KHP</subfield>
   <subfield code="s">DISLOK: Ševčík, Miroslav - ISIS249</subfield>
   <subfield code="t">na dislokovaném</subfield>
   <subfield code="u">UEP01</subfield>
   <subfield code="w">20080110</subfield>
  </datafield>
  <datafield tag="996" ind1=" " ind2=" ">
   <subfield code="1">PKHP</subfield>
   <subfield code="3">F197894d</subfield>
   <subfield code="4">N:P</subfield>
   <subfield code="5">3142216006</subfield>
   <subfield code="8">20080107</subfield>
   <subfield code="9">330.1HOL</subfield>
   <subfield code="f">83</subfield>
   <subfield code="g">14996</subfield>
   <subfield code="l">UEP01</subfield>
   <subfield code="m">BOOK</subfield>
   <subfield code="q">KHP</subfield>
   <subfield code="s">DISLOK: Ševčík, Miroslav - ISIS249</subfield>
   <subfield code="t">na dislokovaném</subfield>
   <subfield code="u">UEP01</subfield>
   <subfield code="w">20080110</subfield>
  </datafield>
  <datafield tag="996" ind1=" " ind2=" ">
   <subfield code="1">PKHP</subfield>
   <subfield code="3">F197894e</subfield>
   <subfield code="4">N:P</subfield>
   <subfield code="5">3142216007</subfield>
   <subfield code="8">20080107</subfield>
   <subfield code="9">330.1HOL</subfield>
   <subfield code="f">83</subfield>
   <subfield code="g">14996</subfield>
   <subfield code="l">UEP01</subfield>
   <subfield code="m">BOOK</subfield>
   <subfield code="q">KHP</subfield>
   <subfield code="s">DISLOK: Ševčík, Miroslav - ISIS249</subfield>
   <subfield code="t">na dislokovaném</subfield>
   <subfield code="u">UEP01</subfield>
   <subfield code="w">20080110</subfield>
  </datafield>
  <datafield tag="996" ind1=" " ind2=" ">
   <subfield code="1">PKHP</subfield>
   <subfield code="3">F197894f</subfield>
   <subfield code="4">N:P</subfield>
   <subfield code="5">3142216008</subfield>
   <subfield code="8">20080107</subfield>
   <subfield code="9">330.1HOL</subfield>
   <subfield code="f">83</subfield>
   <subfield code="g">14996</subfield>
   <subfield code="l">UEP01</subfield>
   <subfield code="m">BOOK</subfield>
   <subfield code="q">KHP</subfield>
   <subfield code="s">DISLOK: Ševčík, Miroslav - ISIS249</subfield>
   <subfield code="t">na dislokovaném</subfield>
   <subfield code="u">UEP01</subfield>
   <subfield code="w">20080110</subfield>
  </datafield>
  <datafield tag="996" ind1=" " ind2=" ">
   <subfield code="1">PKHP</subfield>
   <subfield code="3">F197894g</subfield>
   <subfield code="4">N:P</subfield>
   <subfield code="5">3142216009</subfield>
   <subfield code="8">20080107</subfield>
   <subfield code="9">330.1HOL</subfield>
   <subfield code="f">83</subfield>
   <subfield code="g">14996</subfield>
   <subfield code="l">UEP01</subfield>
   <subfield code="m">BOOK</subfield>
   <subfield code="q">KHP</subfield>
   <subfield code="s">DISLOK: Ševčík, Miroslav - ISIS249</subfield>
   <subfield code="t">na dislokovaném</subfield>
   <subfield code="u">UEP01</subfield>
   <subfield code="w">20080110</subfield>
  </datafield>
  <datafield tag="996" ind1=" " ind2=" ">
   <subfield code="1">PKHP</subfield>
   <subfield code="3">F197894h</subfield>
   <subfield code="4">N:P</subfield>
   <subfield code="5">3142216010</subfield>
   <subfield code="8">20080107</subfield>
   <subfield code="9">330.1HOL</subfield>
   <subfield code="f">83</subfield>
   <subfield code="g">14996</subfield>
   <subfield code="l">UEP01</subfield>
   <subfield code="m">BOOK</subfield>
   <subfield code="q">KHP</subfield>
   <subfield code="s">DISLOK: Ševčík, Miroslav - ISIS249</subfield>
   <subfield code="t">na dislokovaném</subfield>
   <subfield code="u">UEP01</subfield>
   <subfield code="w">20080110</subfield>
  </datafield>
  <datafield tag="996" ind1=" " ind2=" ">
   <subfield code="1">PSKLA</subfield>
   <subfield code="3">F197894j</subfield>
   <subfield code="4">N:P</subfield>
   <subfield code="5">3142222717</subfield>
   <subfield code="8">20080808</subfield>
   <subfield code="9">330.1HOL</subfield>
   <subfield code="f">81</subfield>
   <subfield code="g">17001</subfield>
   <subfield code="l">UEP01</subfield>
   <subfield code="m">BOOK</subfield>
   <subfield code="q">Knihovna Žižkov - sklad</subfield>
   <subfield code="t">na 1 měsíc</subfield>
   <subfield code="u">UEP01</subfield>
   <subfield code="w">20080822</subfield>
  </datafield>
  <datafield tag="996" ind1=" " ind2=" ">
   <subfield code="1">PSKLA</subfield>
   <subfield code="3">F197894l</subfield>
   <subfield code="4">N:P</subfield>
   <subfield code="5">3142224407</subfield>
   <subfield code="8">20081023</subfield>
   <subfield code="9">330.1HOL</subfield>
   <subfield code="f">81</subfield>
   <subfield code="g">18036</subfield>
   <subfield code="l">UEP01</subfield>
   <subfield code="m">BOOK</subfield>
   <subfield code="q">Knihovna Žižkov - sklad</subfield>
   <subfield code="t">na 1 měsíc</subfield>
   <subfield code="u">UEP01</subfield>
   <subfield code="w">20081111</subfield>
  </datafield>
  <datafield tag="996" ind1=" " ind2=" ">
   <subfield code="1">PSKLA</subfield>
   <subfield code="3">F197894m</subfield>
   <subfield code="4">N:P</subfield>
   <subfield code="5">3142225455</subfield>
   <subfield code="8">20081215</subfield>
   <subfield code="9">330.1HOL</subfield>
   <subfield code="f">81</subfield>
   <subfield code="g">18956</subfield>
   <subfield code="l">UEP01</subfield>
   <subfield code="m">BOOK</subfield>
   <subfield code="q">Knihovna Žižkov - sklad</subfield>
   <subfield code="t">na 1 měsíc</subfield>
   <subfield code="u">UEP01</subfield>
   <subfield code="w">20090105</subfield>
  </datafield>
  <datafield tag="996" ind1=" " ind2=" ">
   <subfield code="1">PSKLA</subfield>
   <subfield code="3">F197894n</subfield>
   <subfield code="4">N:P</subfield>
   <subfield code="5">3142234388</subfield>
   <subfield code="8">20091125</subfield>
   <subfield code="9">330.1HOL</subfield>
   <subfield code="f">81</subfield>
   <subfield code="g">22203</subfield>
   <subfield code="l">UEP01</subfield>
   <subfield code="m">BOOK</subfield>
   <subfield code="q">Knihovna Žižkov - sklad</subfield>
   <subfield code="s">poničená</subfield>
   <subfield code="t">na 1 měsíc</subfield>
   <subfield code="u">UEP01</subfield>
   <subfield code="w">20091216</subfield>
  </datafield>
  <datafield tag="996" ind1=" " ind2=" ">
   <subfield code="1">PSKLA</subfield>
   <subfield code="3">F197894o</subfield>
   <subfield code="4">N:P</subfield>
   <subfield code="5">3142234389</subfield>
   <subfield code="8">20091125</subfield>
   <subfield code="9">330.1HOL</subfield>
   <subfield code="f">81</subfield>
   <subfield code="g">22203</subfield>
   <subfield code="l">UEP01</subfield>
   <subfield code="m">BOOK</subfield>
   <subfield code="q">Knihovna Žižkov - sklad</subfield>
   <subfield code="s">poškozená</subfield>
   <subfield code="t">na 1 měsíc</subfield>
   <subfield code="u">UEP01</subfield>
   <subfield code="w">20091216</subfield>
  </datafield>
  <datafield tag="996" ind1=" " ind2=" ">
   <subfield code="1">PSKLA</subfield>
   <subfield code="3">F197894p</subfield>
   <subfield code="4">N:P</subfield>
   <subfield code="5">3142241067</subfield>
   <subfield code="8">20101013</subfield>
   <subfield code="9">330.1HOL</subfield>
   <subfield code="f">81</subfield>
   <subfield code="g">25351</subfield>
   <subfield code="l">UEP01</subfield>
   <subfield code="m">BOOK</subfield>
   <subfield code="q">Knihovna Žižkov - sklad</subfield>
   <subfield code="s">Poškozeno</subfield>
   <subfield code="t">na 1 měsíc</subfield>
   <subfield code="u">UEP01</subfield>
   <subfield code="w">20101014</subfield>
  </datafield>
  <datafield tag="996" ind1=" " ind2=" ">
   <subfield code="1">PSKLA</subfield>
   <subfield code="3">F197894s</subfield>
   <subfield code="4">N:P</subfield>
   <subfield code="5">3142257711</subfield>
   <subfield code="8">20120426</subfield>
   <subfield code="9">330.1HOL</subfield>
   <subfield code="f">81</subfield>
   <subfield code="g">30989</subfield>
   <subfield code="l">UEP01</subfield>
   <subfield code="m">BOOK</subfield>
   <subfield code="q">Knihovna Žižkov - sklad</subfield>
   <subfield code="t">na 1 měsíc</subfield>
   <subfield code="u">UEP01</subfield>
   <subfield code="w">20120605</subfield>
  </datafield>
  <datafield tag="996" ind1=" " ind2=" ">
   <subfield code="1">PSKLA</subfield>
   <subfield code="3">F197894t</subfield>
   <subfield code="4">N:P</subfield>
   <subfield code="5">3142257712</subfield>
   <subfield code="8">20120426</subfield>
   <subfield code="9">330.1HOL</subfield>
   <subfield code="f">81</subfield>
   <subfield code="g">30989</subfield>
   <subfield code="l">UEP01</subfield>
   <subfield code="m">BOOK</subfield>
   <subfield code="q">Knihovna Žižkov - sklad</subfield>
   <subfield code="t">na 1 měsíc</subfield>
   <subfield code="u">UEP01</subfield>
   <subfield code="w">20120605</subfield>
  </datafield>
  <datafield tag="996" ind1=" " ind2=" ">
   <subfield code="1">PSKLA</subfield>
   <subfield code="3">F197894u</subfield>
   <subfield code="4">N:P</subfield>
   <subfield code="5">3142257713</subfield>
   <subfield code="8">20120426</subfield>
   <subfield code="9">330.1HOL</subfield>
   <subfield code="f">81</subfield>
   <subfield code="g">30989</subfield>
   <subfield code="l">UEP01</subfield>
   <subfield code="m">BOOK</subfield>
   <subfield code="q">Knihovna Žižkov - sklad</subfield>
   <subfield code="t">na 1 měsíc</subfield>
   <subfield code="u">UEP01</subfield>
   <subfield code="w">20120605</subfield>
  </datafield>
  <datafield tag="996" ind1=" " ind2=" ">
   <subfield code="1">PSKLA</subfield>
   <subfield code="3">F197894v</subfield>
   <subfield code="4">N:náhrada</subfield>
   <subfield code="5">3142275493</subfield>
   <subfield code="8">20150528</subfield>
   <subfield code="9">330.1HOL</subfield>
   <subfield code="f">81</subfield>
   <subfield code="l">UEP01</subfield>
   <subfield code="m">BOOK</subfield>
   <subfield code="q">Knihovna Žižkov - sklad</subfield>
   <subfield code="t">na 1 měsíc</subfield>
   <subfield code="u">UEP01</subfield>
   <subfield code="w">20150528</subfield>
  </datafield>
  <datafield tag="996" ind1=" " ind2=" ">
   <subfield code="1">PSKLA</subfield>
   <subfield code="3">F197894w</subfield>
   <subfield code="4">N:G</subfield>
   <subfield code="5">3142329658</subfield>
   <subfield code="8">20190627</subfield>
   <subfield code="9">330.1HOL</subfield>
   <subfield code="f">81</subfield>
   <subfield code="l">UEP01</subfield>
   <subfield code="m">BOOK</subfield>
   <subfield code="q">Knihovna Žižkov - sklad</subfield>
   <subfield code="t">na 1 měsíc</subfield>
   <subfield code="u">UEP01</subfield>
   <subfield code="w">20190627</subfield>
  </datafield>
  <datafield tag="996" ind1=" " ind2=" ">
   <subfield code="1">PSTUD</subfield>
   <subfield code="3">F197894x</subfield>
   <subfield code="4">N:G</subfield>
   <subfield code="5">3142368360</subfield>
   <subfield code="8">20231212</subfield>
   <subfield code="9">330.1HOL</subfield>
   <subfield code="f">81</subfield>
   <subfield code="l">UEP01</subfield>
   <subfield code="m">BOOK</subfield>
   <subfield code="q">Studovna Žižkov</subfield>
   <subfield code="t">na 1 měsíc</subfield>
   <subfield code="u">UEP01</subfield>
   <subfield code="w">20231222</subfield>
  </datafield>
 </record>
</collection>
